The doctor comes from Moscow; (Record no. 17982)

MARC details
000 -LEADER
fixed length control field 00654cam a22002171 4500
001 - CONTROL NUMBER
control field ca 36000100
003 - CONTROL NUMBER IDENTIFIER
control field DLC
005 - DATE AND TIME OF LATEST TRANSACTION
control field 20260227111139.0
008 - FIXED-LENGTH DATA ELEMENTS--GENERAL INFORMATION
fixed length control field 890720s1936 mau 000 0 eng
010 ## - LIBRARY OF CONGRESS CONTROL NUMBER
LC control number ca 36000100
035 ## - SYSTEM CONTROL NUMBER
System control number (OCoLC)20039007
040 ## - CATALOGING SOURCE
Original cataloging agency DLC
Transcribing agency RPB
Modifying agency DLC
042 ## - AUTHENTICATION CODE
Authentication code premarc
050 00 - LIBRARY OF CONGRESS CALL NUMBER
Classification number PN6120.A5
Item number W197 1936
082 ## - DEWEY DECIMAL CLASSIFICATION NUMBER
Classification number 812.5
100 1# - MAIN ENTRY--PERSONAL NAME
Personal name Wallace, Lew Barrington,
Dates associated with a name 1898-
245 14 - TITLE STATEMENT
Title The doctor comes from Moscow;
Remainder of title a drama in one act,
Statement of responsibility, etc. by Lew Barrington Wallace.
260 ## - PUBLICATION, DISTRIBUTION, ETC.
Place of publication, distribution, etc. Boston, Mass.,
-- Los Angeles, Cal.
Name of publisher, distributor, etc. [Walter H. Baker Company,
Date of publication, distribution, etc. c1936]
300 ## - PHYSICAL DESCRIPTION
Extent 17 p.
Dimensions 19 cm.
490 0# - SERIES STATEMENT
Series statement Bakers̕ plays for amateurs

No items available.

Powered by Koha